000 00338pab a2200145 454500
008 180718b1988 xxu||||| |||| 00| 0 eng d
100 _aDutta, Amar Nath
245 _aManager or computer
_bWho Will rule?
260 _c1988
300 _a35-8
362 _aFeb.
650 _aManagement
773 _aIndian Management
909 _a12989
999 _c12989
_d12989